[Event "RUS-ch Men Blitz 2019"]
[Site "Sochi"]
[Date "2019.10.17"]
[Round "7.24"]
[White "Sysolyatin, Evgeny"]
[Black "Belyakov, Bogdan"]
[Result "0-1"]
[WhiteElo "2271"]
[BlackElo "2495"]
[Annotator "ChessBase"]
[PlyCount "56"]
[EventDate "2019.10.17"]
[EventType "swiss"]
[EventCountry "RUS"]
[SourceTitle "playchess.com"]
[Source "ChessBase"]
[SourceQuality "1"]
[TimeControl "180+2"]

1. e4 {[%emt 0:00:00]} e5 {[%emt 0:00:00]} 2. Nf3 {[%emt 0:00:00]} Nc6 {[%emt 0:00:00]} 3. Bb5 {[%emt 0:00:01]} Nf6 {[%emt 0:00:01]} 4. d3 {[%emt 0:00:07]} Bc5 {[%emt 0:00:01]} 5. O-O {[%emt 0:00:03]} d6 {[%emt 0:00:01]} 6. h3 {[%emt 0:00:10]} O-O {[%emt 0:00:03]} 7. c3 {[%emt 0:00:01]} a6 {[%emt 0:00:01]} 8. Ba4 {[%emt 0:00:07]} Ba7 {[%emt 0:00:02]} 9. Re1 {[%emt 0:00:07]} Ne7 {[%emt 0:00:01]} 10. d4 {[%emt 0:00:19]} Ng6 {[%emt 0:00:04]} 11. Nbd2 {[%emt 0:00:11]} Nh5 {[%emt 0:00:28]} 12. Nf1 {[%emt 0:00:14]} Nhf4 {[%emt 0:00:07]} 13. Ng3 {[%emt 0:00:10]} Qf6 {[%emt 0:00:02]} 14. Bc2 {[%emt 0:00:13]} h6 {[%emt 0:00:06]} 15. Be3 {[%emt 0:00:04]} c5 {[%emt 0:00:05]} 16. dxe5 {[%emt 0:00:13]} dxe5 {[%emt 0:00:02]} 17. Nf5 {[%emt 0:00:47]} Rd8 {[%emt 0:00:02]} 18. Qc1 {[%emt 0:00:27]} Be6 {[%emt 0:00:02]} 19. Kh2 {[%emt 0:00:13]} Nd3 {[%emt 0:00:05]} 20. Bxd3 {[%emt 0:00:02]} Rxd3 {[%emt 0:00:02]} 21. Ng3 {[%emt 0:00:05]} Rad8 {[%emt 0:00:08]} 22. Nh5 {[%emt 0:00:02]} Qe7 {[%emt 0:00:05]} 23. Bxh6 {[%emt 0:00:02]} Rxf3 {[%emt 0:00:12]} 24. gxf3 {[%emt 0:00:02]} Qh4 {[%emt 0:00:02]} 25. Nxg7 {[%emt 0:00:02]} Qxf2+ {[%emt 0:00:08]} 26. Kh1 {[%emt 0:00:03]} Qxf3+ {[%emt 0:00:06]} 27. Kg1 {[%emt 0:00:01]} c4+ {[%emt 0:00:07]} 28. Be3 {[%emt 0:00:02]} Bxh3 {[%emt 0:00:04]} 0-1

[Event "RUS-ch Men Blitz 2019"]
[Site "Sochi"]
[Date "2019.10.17"]
[Round "7.25"]
[White "Glek, Igor"]
[Black "Klimentov, Evgeny"]
[Result "1-0"]
[WhiteElo "2467"]
[BlackElo "2199"]
[Annotator "TA"]
[PlyCount "55"]
[EventDate "2019.10.17"]
[EventType "swiss"]
[EventCountry "RUS"]
[SourceTitle "playchess.com"]
[Source "ChessBase"]
[SourceQuality "1"]

{[%evp 11,55,43,29,37,42,19,104,81,103,99,79,79,83,81,206,183,200,177,208,201,212,228,221,219,269,229,331,329,364,393,366,366,356,352,329,341,348,339,365,329,647,634,1105,624,2077,2060]} 1. e4 c6 2. c4 d5 3. cxd5 cxd5 4. exd5 Nf6 5. Nc3 g6 6. Bc4 Bg7 7. Nf3 {B10: Caro-Kann: 2 d3 and 2 c4} (7. Nge2 O-O 8. O-O Na6 9. d4 Nc7 10. Nf4 b6 11. a4 Bb7 12. Qb3 Qd6 13. Re1 Rad8 14. Nb5 Nxb5 15. axb5 Bxd5 16. Nxd5 Nxd5 17. Rxa7 Bxd4 18. Bxd5 Qxd5 19. Qxd5 Rxd5 20. Raxe7 Rxb5 {½-½ (28) Edouard,R (2628)-Van Foreest,J (2615) Germany 2016}) 7... O-O 8. d3 Nbd7 (8... b6 $11) 9. O-O $16 {White is better.} a6 {[#]} 10. a4 $1 Nb6 {[%cal Rf6d5] [#]} 11. Qb3 $1 Bf5 12. Be3 Nbd7 $146 (12... Nxc4 $16 13. dxc4 Rc8) ({Predecessor:} 12... Nxc4 13. dxc4 Qc7 14. Bb6 Qf4 15. Ne2 Qd6 16. Ng3 Bg4 17. Bd4 e6 18. Be5 {1-0 (38) Riehle,M (2271)-Reitz,P (1831) Willingen 2016}) 13. h3 $18 ({Don't play} 13. Qxb7 $6 Ng4 $16) 13... h5 14. Nd4 Nc5 15. Qc2 Rc8 16. Nxf5 gxf5 17. Qe2 Qc7 18. Qf3 Ncd7 (18... Nce4 $142 19. Qxf5 Nd6) 19. Qxf5 Ne5 20. Bf4 Nfd7 21. Qxh5 Qb6 22. Qe2 Qb4 23. Bg5 Rfe8 24. Rfe1 Nxc4 25. dxc4 Rxc4 $2 (25... Ne5 26. d6 exd6) 26. Bxe7 {White is clearly winning.} Qb6 27. d6 Bf6 28. Qxc4 {Accuracy: White = 82%, Black = 31%.} 1-0

[Event "RUS-ch Men Blitz 2019"]
[Site "Sochi"]
[Date "2019.10.17"]
[Round "7.26"]
[White "Gogolev, Artem"]
[Black "Utnasunov, Alexander"]
[Result "0-1"]
[WhiteElo "2339"]
[BlackElo "2442"]
[Annotator "NA"]
[PlyCount "40"]
[EventDate "2019.10.17"]
[EventType "swiss"]
[EventCountry "RUS"]
[SourceTitle "playchess.com"]
[Source "ChessBase"]
[SourceQuality "1"]
[TimeControl "180+2"]

1. d4 {[%emt 0:00:00]} d5 {[%emt 0:00:00]} 2. c4 {[%emt 0:00:02]} c6 {[%emt 0:00:02]} 3. Nf3 {[%emt 0:00:02]} Nf6 {[%emt 0:00:02]} 4. e3 {[%emt 0:00:02]} e6 {[%emt 0:00:02]} 5. b3 {[%emt 0:00:10]} Nbd7 {[%emt 0:00:12]} 6. Be2 {[%emt 0:00:10]} Bb4+ {[%emt 0:00:05]} 7. Nbd2 {[%emt 0:00:06]} Ne4 {[%emt 0:00:18]} 8. Qc2 {[%emt 0:00:29]} f5 {[%emt 0:00:06]} 9. O-O {[%emt 0:00:04]} Qf6 {[%emt 0:00:10]} 10. Bb2 {[%emt 0:00:16]} Bd6 {[%emt 0:00:01]} 11. a4 {[%emt 0:00:31]} Qh6 {[%emt 0:00:17]} 12. Ba3 {[%emt 0:00:07]} Bc7 {[%emt 0:00:01]} 13. cxd5 {[%emt 0:00:27]} exd5 {[%emt 0:00:02]} 14. b4 {[%emt 0:00:02]} O-O {[%emt 0:00:13]} 15. b5 {[%emt 0:00:09]} Rf6 {[%emt 0:00:01]} 16. Bb2 {[%emt 0:00:14]} Rg6 {[%emt 0:00:32]} 17. Ne5 {[%emt 0:00:15]} Qh3 {[%emt 0:00:17]} 18. g3 {[%emt 0:00:21]} Nxe5 {[%emt 0:00:11]} 19. dxe5 {[%emt 0:00:02]} Nxd2 {[%emt 0:00:02]} 20. Qxd2 Rh6 0-1

[Event "RUS-ch Men Blitz 2019"]
[Site "Sochi"]
[Date "2019.10.17"]
[Round "7.27"]
[White "Chekletsov, Ilya"]
[Black "Faizrakhmanov, Ramil"]
[Result "1-0"]
[WhiteElo "2377"]
[BlackElo "2434"]
[Annotator "RC"]
[PlyCount "91"]
[EventDate "2019.10.17"]
[EventType "swiss"]
[EventCountry "RUS"]
[SourceTitle "playchess.com"]
[Source "ChessBase"]
[SourceQuality "1"]
[TimeControl "180+2"]

1. d4 {[%emt 0:00:00]} Nf6 {[%emt 0:00:00]} 2. c4 {[%emt 0:00:02]} e6 {[%emt 0:00:00]} 3. g3 {[%emt 0:00:01]} d5 {[%emt 0:00:01]} 4. Bg2 {[%emt 0:00:00]} dxc4 {[%emt 0:00:01]} 5. Nf3 {[%emt 0:00:02]} Bb4+ {[%emt 0:00:02]} 6. Nc3 {[%emt 0:00:10]} Nc6 {[%emt 0:00:01]} 7. O-O {[%emt 0:00:02]} O-O {[%emt 0:00:02]} 8. Bg5 {[%emt 0:00:03]} h6 {[%emt 0:00:07]} 9. Bxf6 {[%emt 0:00:14]} Qxf6 {[%emt 0:00:02]} 10. Rc1 {[%emt 0:00:01]} Rd8 {[%emt 0:00:14]} 11. Ne4 {[%emt 0:00:27]} Qe7 {[%emt 0:00:08]} 12. Rxc4 {[%emt 0:00:03]} e5 {[%emt 0:00:12]} 13. a3 {[%emt 0:00:11]} Ba5 {[%emt 0:00:09]} 14. b4 {[%emt 0:00:18]} Bb6 {[%emt 0:00:04]} 15. d5 {[%emt 0:00:01]} Nd4 {[%emt 0:00:22]} 16. Nxd4 {[%emt 0:00:39]} exd4 {[%emt 0:00:04]} 17. Nc5 {[%emt 0:00:01]} a5 {[%emt 0:00:02]} 18. Rxd4 {[%emt 0:00:07]} axb4 {[%emt 0:00:04]} 19. axb4 {[%emt 0:00:01]} Bxc5 {[%emt 0:00:12]} 20. bxc5 {[%emt 0:00:01]} Qxc5 {[%emt 0:00:01]} 21. Qd2 {[%emt 0:00:01]} Ra3 {[%emt 0:00:12]} 22. Rc1 {[%emt 0:00:03]} Qb6 {[%emt 0:00:09]} 23. Qb4 {[%emt 0:00:08]} Qa6 {[%emt 0:00:17]} 24. e3 {[%emt 0:00:15]} Ra2 {[%emt 0:00:09]} 25. Qc4 {[%emt 0:00:02]} Ra1 {[%emt 0:00:17]} 26. Bf1 {[%emt 0:00:13]} Rxc1 {[%emt 0:00:09]} 27. Qxc1 {[%emt 0:00:01]} Qa5 {[%emt 0:00:00]} 28. Bg2 {[%emt 0:00:03]} Bf5 {[%emt 0:00:13]} 29. g4 {[%emt 0:00:03]} Bg6 {[%emt 0:00:03]} 30. h4 {[%emt 0:00:01]} h5 {[%emt 0:00:21]} 31. gxh5 {[%emt 0:00:14]} Bxh5 {[%emt 0:00:02]} 32. Rc4 {[%emt 0:00:01]} c6 {[%emt 0:00:02]} 33. Rc5 {[%emt 0:00:07]} Qb6 {[%emt 0:00:09]} 34. e4 {[%emt 0:00:01]} cxd5 {[%emt 0:00:04]} 35. exd5 {[%emt 0:00:11]} Qg6 {[%emt 0:00:09]} 36. Qg5 {[%emt 0:00:08]} Qxg5 {[%emt 0:00:03]} 37. hxg5 {[%emt 0:00:01]} Bg4 {[%emt 0:00:01]} 38. Rb5 {[%emt 0:00:06]} Rd7 {[%emt 0:00:01]} 39. Be4 {[%emt 0:00:03]} g6 {[%emt 0:00:02]} 40. Kg2 {[%emt 0:00:02]} Kg7 {[%emt 0:00:04]} 41. Kg3 {[%emt 0:00:02]} Be2 {[%emt 0:00:03]} 42. Rb6 {[%emt 0:00:01]} Bc4 {[%emt 0:00:02]} 43. d6 {[%emt 0:00:01]} Ba6 {[%emt 0:00:01]} 44. f4 {[%emt 0:00:05]} f6 {[%emt 0:00:02]} 45. Kf3 {[%emt 0:00:01]} fxg5 {[%emt 0:00:07]} 46. fxg5 1-0

[Event "RUS-ch Men Blitz 2019"]
[Site "Sochi"]
[Date "2019.10.17"]
[Round "7.28"]
[White "Yeritsyan, Aram"]
[Black "Gubsky, Egor"]
[Result "0-1"]
[WhiteElo "2271"]
[BlackElo "2339"]
[Annotator "NA"]
[PlyCount "58"]
[EventDate "2019.10.17"]
[EventType "swiss"]
[EventCountry "RUS"]
[SourceTitle "playchess.com"]
[Source "ChessBase"]
[SourceQuality "1"]
[TimeControl "180+2"]

1. e4 {[%emt 0:00:00]} c5 {[%emt 0:00:00]} 2. Nf3 {[%emt 0:00:00]} Nc6 {[%emt 0:00:00]} 3. Nc3 {[%emt 0:00:02]} e6 {[%emt 0:00:01]} 4. Bb5 {[%emt 0:00:04]} Nge7 {[%emt 0:00:02]} 5. O-O {[%emt 0:00:05]} a6 {[%emt 0:00:01]} 6. Bxc6 {[%emt 0:00:02]} Nxc6 {[%emt 0:00:02]} 7. d4 {[%emt 0:00:01]} cxd4 {[%emt 0:00:02]} 8. Nxd4 {[%emt 0:00:00]} Be7 {[%emt 0:00:02]} 9. Be3 {[%emt 0:00:04]} O-O {[%emt 0:00:02]} 10. Qe2 {[%emt 0:00:02]} Qc7 {[%emt 0:00:02]} 11. Rad1 {[%emt 0:00:01]} b5 {[%emt 0:00:01]} 12. a3 {[%emt 0:00:05]} Bb7 {[%emt 0:00:02]} 13. f4 {[%emt 0:00:05]} d6 {[%emt 0:00:01]} 14. Kh1 {[%emt 0:00:19]} Na5 {[%emt 0:00:07]} 15. f5 {[%emt 0:00:07]} e5 {[%emt 0:00:05]} 16. Nb3 {[%emt 0:00:22]} Nc4 {[%emt 0:00:19]} 17. Bc1 {[%emt 0:00:20]} Bf6 {[%emt 0:00:10]} 18. Nd5 {[%emt 0:00:30]} Bxd5 {[%emt 0:00:03]} 19. exd5 {[%emt 0:00:12]} Qe7 {[%emt 0:00:09]} 20. Qe4 {[%emt 0:00:07]} Kh8 {[%emt 0:00:10]} 21. Rd3 {[%emt 0:00:09]} Bg5 {[%emt 0:00:36]} 22. Bxg5 {[%emt 0:00:06]} Qxg5 {[%emt 0:00:02]} 23. f6 {[%emt 0:00:11]} gxf6 {[%emt 0:00:23]} 24. Rg3 {[%emt 0:00:06]} Qh6 {[%emt 0:00:09]} 25. Rh3 {[%emt 0:00:06]} Qg6 {[%emt 0:00:02]} 26. Rf5 {[%emt 0:00:21]} Rg8 {[%emt 0:00:11]} 27. Qf3 {[%emt 0:00:07]} e4 {[%emt 0:00:10]} 28. Qxe4 {[%emt 0:00:19]} Rae8 {[%emt 0:00:02]} 29. Qd3 {[%emt 0:00:01]} Qxg2# {[%emt 0:00:03] Qd1} 0-1

[Event "RUS-ch Men Blitz 2019"]
[Site "Sochi"]
[Date "2019.10.17"]
[Round "7.29"]
[White "Korchmar, Vasiliy"]
[Black "Popov, Maksim"]
[Result "1-0"]
[WhiteElo "2432"]
[BlackElo "1935"]
[Annotator "NA RC"]
[PlyCount "95"]
[EventDate "2019.10.17"]
[EventType "swiss"]
[EventCountry "RUS"]
[SourceTitle "playchess.com"]
[Source "ChessBase"]
[SourceQuality "1"]
[TimeControl "180+2"]

1. d4 {[%emt 0:00:00]} Nf6 {[%emt 0:00:00]} 2. c4 e6 3. g3 {[%emt 0:00:00]} d5 {[%emt 0:00:00]} 4. Bg2 {[%emt 0:00:01]} dxc4 {[%emt 0:00:01]} 5. Nf3 {[%emt 0:00:01]} a6 {[%emt 0:00:00]} 6. O-O {[%emt 0:00:04]} Nc6 {[%emt 0:00:01]} 7. e3 {[%emt 0:00:01]} Rb8 {[%emt 0:00:02]} 8. Nfd2 {[%emt 0:00:13]} e5 {[%emt 0:00:07]} 9. Bxc6+ {[%emt 0:00:02]} bxc6 {[%emt 0:00:00]} 10. dxe5 {[%emt 0:00:01]} Ng4 {[%emt 0:00:01]} 11. Nxc4 {[%emt 0:00:01]} Be6 {[%emt 0:00:00]} 12. Nbd2 {[%emt 0:00:04]} Bb4 {[%emt 0:00:03]} 13. b3 {[%emt 0:00:07]} h5 {[%emt 0:00:02]} 14. Qe2 {[%emt 0:00:54]} h4 {[%emt 0:00:09]} 15. f3 {[%emt 0:00:09]} Bxd2 {[%emt 0:01:09]} 16. Qxd2 {[%emt 0:00:38]} hxg3 {[%emt 0:00:22]} 17. Qxd8+ {[%emt 0:00:05]} Rxd8 {[%emt 0:00:00]} 18. hxg3 {[%emt 0:00:17]} Nh2 {[%emt 0:00:11]} 19. Rf2 {[%emt 0:00:07]} Rd1+ {[%emt 0:00:01]} 20. Kg2 {[%emt 0:00:03]} Bh3+ {[%emt 0:00:59]} 21. Kxh2 {[%emt 0:00:01]} Bf1+ {[%emt 0:00:01]} 22. Kg1 {[%emt 0:00:01]} Bxc4+ {[%emt 0:00:00]} 23. Kg2 {[%emt 0:00:03]} Rhh1 {[%emt 0:00:05]} 24. Bb2 {[%emt 0:00:03]} Rxa1 {[%emt 0:00:05]} 25. Bxa1 {[%emt 0:00:02]} Rxa1 {[%emt 0:00:05]} 26. bxc4 {[%emt 0:00:01]} Rc1 {[%emt 0:00:01]} 27. f4 {[%emt 0:00:06]} Rxc4 {[%emt 0:00:01]} 28. Kf3 {[%emt 0:00:00]} Ke7 {[%emt 0:00:14]} 29. g4 {[%emt 0:00:02]} Ke6 {[%emt 0:00:03]} 30. Rd2 {[%emt 0:00:01]} Rc3 {[%emt 0:00:07]} 31. Ke4 {[%emt 0:00:01]} g6 {[%emt 0:00:01]} 32. f5+ {[%emt 0:00:01]} gxf5+ 33. gxf5+ {[%emt 0:00:00]} Ke7 {[%emt 0:00:01]} 34. Kd4 {[%emt 0:00:18]} Ra3 {[%emt 0:00:01]} 35. Rc2 {[%emt 0:00:00]} Kd7 {[%emt 0:00:04]} 36. Ke4 {[%emt 0:00:15]} Ra4+ {[%emt 0:00:03]} 37. Kf3 {[%emt 0:00:00]} Ra5 {[%emt 0:00:03]} 38. Kf4 {[%emt 0:00:01]} Rd5 {[%emt 0:00:07]} 39. e4 {[%emt 0:00:04]} Rd1 {[%emt 0:00:01]} 40. Kg5 {[%emt 0:00:01]} Re1 {[%emt 0:00:02]} 41. Rc4 {[%emt 0:00:15]} c5 {[%emt 0:00:01]} 42. Kf6 {[%emt 0:00:02]} Ke8 {[%emt 0:00:05]} 43. Rxc5 {[%emt 0:00:04]} Rxe4 {[%emt 0:00:01]} 44. Rxc7 {[%emt 0:00:01]} Ra4 {[%emt 0:00:02]} 45. Re7+ {[%emt 0:00:04]} Kd8 {[%emt 0:00:01]} 46. Rxf7 {[%emt 0:00:03]} Rxa2 {[%emt 0:00:01]} 47. e6 {[%emt 0:00:02]} Re2 {[%emt 0:00:06]} 48. Ra7 {[%emt 0:00:01]} 1-0

[Event "RUS-ch Men Blitz 2019"]
[Site "Sochi"]
[Date "2019.10.17"]
[Round "7.30"]
[White "Kolchin, Maxim"]
[Black "Nesterov, Arseniy"]
[Result "0-1"]
[WhiteElo "1965"]
[BlackElo "2484"]
[Annotator "TA"]
[PlyCount "38"]
[EventDate "2019.10.17"]
[EventType "swiss"]
[EventCountry "RUS"]
[SourceTitle "playchess.com"]
[Source "ChessBase"]
[SourceQuality "1"]

{[%evp 9,64,12,29,6,22,0,16,18,12,0,0,0,18,-10,-7,-16,0,-32,-37,-49,-33,-65,-67,-64,-55,-110,-107,-280,-273,-362,-245,-263,-256,-275,-269,-350,-350,-408,-408,-408,-406,-394,-345,-490,-380,-402,-315,-318,-284,-296,-213,-472,-346,-299,-305,-29994,-29995]} 1. d4 Nf6 2. Nf3 e6 3. Bf4 c5 4. e3 b6 5. Be2 Be7 6. h3 {A47: 1 d4 Nf6 2 Nf3 b6: Torre, London and Colle Systems} O-O 7. O-O cxd4 (7... Bb7 8. Nbd2 d6 9. Bh2 Nbd7 10. a4 a6 11. c3 cxd4 12. exd4 Nd5 13. Qb3 {½-½ (102) Laznicka,V (2647)-Kryvoruchko,Y (2689) Riadh 2017}) 8. exd4 {The position is equal.} Ba6 9. Nc3 $146 ({Predecessor:} 9. Nbd2 Bxe2 10. Qxe2 Qc8 11. c3 d6 12. Rfe1 Qb7 13. a4 {½-½ (56) Gvanceladze,A (2244)-Shevchenko,K (2502) Utebo 2017}) 9... Bxe2 10. Qxe2 Nc6 11. Rad1 d5 12. Ne5 Rc8 13. Qa6 Nxe5 14. Bxe5 Qd7 15. Rfe1 Rc4 16. a3 Rfc8 17. Nb5 (17. Re2 $15) 17... Rxc2 $17 18. b4 $2 {[#]} (18. Bxf6 $17 {was worth a try.} gxf6 19. Rb1) 18... Ne4 $19 19. f3 Nf2 {Played: Ne4-c3} 0-1

[Event "RUS-ch Men Blitz 2019"]
[Site "Sochi"]
[Date "2019.10.17"]
[Round "7.31"]
[White "Zakaryan, David"]
[Black "Savchenko, Boris"]
[Result "0-1"]
[WhiteElo "2338"]
[BlackElo "2581"]
[Annotator "TA"]
[PlyCount "82"]
[EventDate "2019.10.17"]
[EventType "swiss"]
[EventCountry "RUS"]
[SourceTitle "playchess.com"]
[Source "ChessBase"]
[SourceQuality "1"]

{[%evp 11,82,18,24,14,17,14,19,16,37,37,30,25,28,5,10,0,0,0,0,-16,-29,-24,-4,-22,-22,-20,-20,-18,-14,-23,-20,-26,-25,-56,-22,-18,-20,-48,0,-16,0,0,0,-226,-219,-233,-227,-375,-370,-362,-377,-404,-397,-378,-356,-416,-401,-520,-509,-525,-502,-677,-410,-621,-229,-862,-844,-5916,-5506,-2466,-2238,-2303,-1850]} 1. e4 e6 2. d4 d5 3. Nd2 Be7 4. Ngf3 Nf6 5. Bd3 c5 6. exd5 Nxd5 7. dxc5 {C03: French Tarrasch: Unusual Black 3rd moves} Nd7 8. Ne4 Nxc5 9. Nxc5 {The position is equal.} Qa5+ 10. Bd2 (10. c3 Qxc5 {½-½ (10) Sarana,A (2587)-Wen,Y (2581) Qinhuangdao 2018}) 10... Qxc5 11. O-O O-O 12. a3 $146 ({Predecessor:} 12. Re1 Rd8 13. Be3 Nxe3 14. Rxe3 Bf6 {½-½ (30) Burridge,R (1845)-Copsey,A ICCF email 2012}) 12... Qc7 13. Qe2 Nf4 14. Bxf4 Qxf4 15. Qe4 Qxe4 16. Bxe4 Rb8 17. Rfd1 f6 18. c4 e5 19. Bd5+ Kh8 20. b4 b6 21. Nd2 g6 22. Nb3 Bd7 23. b5 Bf5 $36 {[%mdl 2048] White must now prevent ...Bc2. Black has some pressure.} 24. Rdc1 Kg7 25. a4 Rfc8 26. a5 Rc7 27. c5 $2 (27. axb6 $11 axb6 28. h3) 27... bxc5 $19 {[%mdl 64] [#] Discovered Attack} 28. b6 axb6 29. a6 (29. g3 $142) 29... Ra7 30. Bb7 Kf7 31. Nd2 Rbxb7 32. axb7 Rxb7 33. Ra6 b5 34. Nb3 c4 35. Na5 Rd7 36. Rb6 Rd5 37. Nc6 (37. Rb7 $142 Rd7 38. Rxd7 Bxd7 39. Nxc4 bxc4 40. Rxc4) 37... c3 $2 (37... Ba3 38. Rb7+ Ke6) 38. g4 $2 (38. Nxe7 Kxe7 39. Kf1) 38... c2 {Black is clearly winning.} 39. gxf5 Rd1+ {[%mdl 64] [#] Double Attack} 40. Kg2 Rxc1 41. fxg6+ hxg6 {Accuracy: White = 42%, Black = 63%.} 0-1

[Event "RUS-ch Men Blitz 2019"]
[Site "Sochi"]
[Date "2019.10.17"]
[Round "8.1"]
[White "Tsydypov, Zhamsaran"]
[Black "Drygalov, Andrey"]
[Result "0-1"]
[WhiteElo "2553"]
[BlackElo "2484"]
[Annotator "RC"]
[PlyCount "136"]
[EventDate "2019.10.17"]
[EventType "swiss"]
[EventCountry "RUS"]
[SourceTitle "playchess.com"]
[Source "ChessBase"]
[SourceQuality "1"]
[TimeControl "180+2"]

1. c4 {[%emt 0:00:00]} Nf6 {[%emt 0:00:00]} 2. Nc3 {[%emt 0:00:02]} e5 {[%emt 0:00:00]} 3. g3 {[%emt 0:00:01]} d5 {[%emt 0:00:01]} 4. cxd5 {[%emt 0:00:01]} Nxd5 {[%emt 0:00:02]} 5. Bg2 {[%emt 0:00:01]} Nb6 {[%emt 0:00:03]} 6. e3 {[%emt 0:00:04]} Bd6 {[%emt 0:00:08]} 7. Nge2 {[%emt 0:00:02]} O-O {[%emt 0:00:01]} 8. O-O {[%emt 0:00:02]} Nc6 {[%emt 0:00:14]} 9. f4 {[%emt 0:00:05]} exf4 {[%emt 0:00:09]} 10. Nxf4 {[%emt 0:00:04]} Ne5 {[%emt 0:00:01]} 11. d4 {[%emt 0:00:02]} Ng6 {[%emt 0:00:01]} 12. Nd3 {[%emt 0:00:18]} c6 {[%emt 0:00:07]} 13. e4 {[%emt 0:00:03]} Be7 {[%emt 0:00:12]} 14. Be3 {[%emt 0:00:05]} f5 {[%emt 0:00:06]} 15. Qb3+ {[%emt 0:00:16]} Kh8 {[%emt 0:00:01]} 16. e5 {[%emt 0:00:01]} Bg5 {[%emt 0:00:20]} 17. Bxg5 {[%emt 0:00:08]} Qxg5 {[%emt 0:00:02]} 18. Nf4 {[%emt 0:00:01]} Nxf4 {[%emt 0:00:06]} 19. gxf4 {[%emt 0:00:02]} Qg6 {[%emt 0:00:00]} 20. Kh1 {[%emt 0:00:37]} Be6 {[%emt 0:00:02]} 21. Qb4 {[%emt 0:00:01]} Rfd8 {[%emt 0:00:03]} 22. Rad1 {[%emt 0:00:06]} Qf7 {[%emt 0:00:12]} 23. Qa3 {[%emt 0:00:15]} Nc4 {[%emt 0:00:04]} 24. Qb4 {[%emt 0:00:02]} Ne3 {[%emt 0:00:02]} 25. Bf3 {[%emt 0:00:03]} Nxf1 {[%emt 0:00:06]} 26. Rxf1 {[%emt 0:00:01]} Rd7 {[%emt 0:00:03]} 27. Rd1 {[%emt 0:00:04]} Rad8 {[%emt 0:00:02]} 28. Qc5 {[%emt 0:00:03]} b6 {[%emt 0:00:21]} 29. Qxc6 {[%emt 0:00:18]} Rxd4 {[%emt 0:00:04]} 30. Rxd4 {[%emt 0:00:34]} Rxd4 {[%emt 0:00:01]} 31. Nb5 {[%emt 0:00:01]} Rxf4 {[%emt 0:00:08]} 32. Nd6 {[%emt 0:00:01]} Qg8 {[%emt 0:00:07]} 33. Kg1 {[%emt 0:00:02]} Bxa2 {[%emt 0:00:33]} 34. Bg2 {[%emt 0:00:19]} Be6 {[%emt 0:00:02]} 35. Qb7 {[%emt 0:00:06]} Rb4 {[%emt 0:00:05]} 36. Qxa7 {[%emt 0:00:05]} Rxb2 {[%emt 0:00:01]} 37. h4 {[%emt 0:00:06]} h6 {[%emt 0:00:08]} 38. Qe7 {[%emt 0:00:04]} Re2 {[%emt 0:00:12]} 39. Qc7 {[%emt 0:00:04]} Rxe5 {[%emt 0:00:03]} 40. Nf7+ {[%emt 0:00:01]} Qxf7 {[%emt 0:00:02]} 41. Qxe5 {[%emt 0:00:01]} Kh7 {[%emt 0:00:04]} 42. Bf1 {[%emt 0:00:04]} Qf6 {[%emt 0:00:04]} 43. Qf4 {[%emt 0:00:04]} Qg6+ {[%emt 0:00:05]} 44. Bg2 {[%emt 0:00:04]} Qg4 {[%emt 0:00:02]} 45. Qe5 {[%emt 0:00:01]} Bf7 {[%emt 0:00:02]} 46. Kf1 {[%emt 0:00:03]} Bc4+ 47. Kg1 Bf7 {[%emt 0:00:05]} 48. Kf1 {[%emt 0:00:02]} Bg6 {[%emt 0:00:05]} 49. Qb5 {[%emt 0:00:04]} Qxh4 {[%emt 0:00:02]} 50. Qxb6 {[%emt 0:00:01]} Qf4+ {[%emt 0:00:02]} 51. Kg1 {[%emt 0:00:01]} Qe5 {[%emt 0:00:02]} 52. Qb4 {[%emt 0:00:02]} f4 {[%emt 0:00:01]} 53. Kh1 {[%emt 0:00:05]} Qe3 {[%emt 0:00:04]} 54. Qb7 {[%emt 0:00:01]} Qe1+ {[%emt 0:00:01]} 55. Kh2 {[%emt 0:00:01]} Qg3+ 56. Kh1 h5 {[%emt 0:00:06]} 57. Qd5 {[%emt 0:00:02]} h4 {[%emt 0:00:02]} 58. Qe6 {[%emt 0:00:03]} f3 {[%emt 0:00:04]} 59. Bf1 {[%emt 0:00:02]} f2 {[%emt 0:00:03]} 60. Bg2 {[%emt 0:00:01]} Qf4 {[%emt 0:00:00]} 61. Qe2 {[%emt 0:00:02]} Kh6 {[%emt 0:00:04]} 62. Qf1 {[%emt 0:00:02]} Be4 {[%emt 0:00:01]} 63. Qa6+ {[%emt 0:00:03]} g6 {[%emt 0:00:01]} 64. Qf1 {[%emt 0:00:02]} Bxg2+ {[%emt 0:00:01]} 65. Kxg2 {[%emt 0:00:00]} Qg3+ 66. Kh1 Qf3+ {[%emt 0:00:03]} 67. Kh2 {[%emt 0:00:02]} Qg3+ {[%emt 0:00:01]} 68. Kh1 {[%emt 0:00:00]} Qg1+ {[%emt 0:00:00]} 0-1

[Event "RUS-ch Men Blitz 2019"]
[Site "Sochi"]
[Date "2019.10.17"]
[Round "8.2"]
[White "Ponkratov, Pavel"]
[Black "Golubov, Saveliy"]
[Result "1-0"]
[WhiteElo "2621"]
[BlackElo "2469"]
[Annotator "TA"]
[PlyCount "81"]
[EventDate "2019.10.17"]
[EventType "swiss"]
[EventCountry "RUS"]
[SourceTitle "playchess.com"]
[Source "ChessBase"]
[SourceQuality "1"]

{[%evp 12,81,48,-16,10,14,6,-17,0,0,18,17,19,14,25,18,20,21,34,33,24,25,65,0,50,74,46,11,54,32,46,39,51,18,22,0,12,-32,-40,-197,-207,-198,0,0,264,265,445,444,419,431,427,417,782,776,759,714,1933,1694,5257,5173,29981,29982,29982,29979,29991,29992,29992,29993,29994,29993,29995,29994]} 1. e4 c5 2. Nf3 e6 3. c3 d5 4. e5 Nc6 5. d4 Qb6 6. a3 a5 7. b3 (7. Bd3 $14) 7... Nh6 {C02: French: Advance Variation} 8. Bd3 Bd7 {[%cal Rc5d4]} 9. Be3 cxd4 {The position is equal.} 10. cxd4 Nf5 11. Bxf5 exf5 12. O-O Be7 13. Nc3 Be6 14. Na4 {[#]} Qd8 $146 ({Predecessor:} 14... Qb5) 15. Qd2 O-O 16. Rfc1 f6 17. Nc5 (17. exf6 $14 Bxf6 18. Nc5) 17... Bc8 (17... Bxc5 $5 18. Rxc5 h6 $14) 18. exf6 Bxf6 19. Nd3 Re8 20. Re1 h6 21. Rac1 Be6 22. Nfe5 Nxe5 23. dxe5 d4 24. Bxh6 Be7 25. Nf4 $2 (25. h4 $15) 25... Bxa3 $19 26. Nh5 {[#]} Bxc1 $2 (26... Bxb3 $2 27. Bxg7 Bxc1 28. Rxc1 $18) (26... Qh4 $1 $19 27. Nxg7 Bb4 {[%mdl 64] Skewer}) 27. Rxc1 $11 Qh4 $2 {[%mdl 8192]} ({Don't blunder} 27... Bxb3 $2 28. Bxg7 Rc8 29. Bf6 $18) (27... gxh6 $11 28. Qxh6 Re7) 28. Nxg7 $18 Re7 $2 (28... Bxb3 29. g3 (29. Nxe8 Rxe8 30. Bg5 Qe4 $18) (29. Nxf5 Qg4 $16) 29... Qg4) 29. Bg5 {[%mdl 64] Double Attack} Qh7 30. Bxe7 Qxg7 31. Bf6 Qg6 (31... Qf7 $142 32. Qxd4 Rc8 33. Rxc8+ Bxc8 34. Qd8+ Qf8) 32. Rc7 Bf7 33. Qxd4 {[#] Threatening mate with e6.} f4 34. h4 f3 35. g4 Qb1+ 36. Kh2 {White mates.} Qf1 37. Kg3 Qg2+ 38. Kf4 Qh2+ 39. Kg5 Rf8 40. Kh6 Qg1 41. Qf4 {Accuracy: White = 62%, Black = 24%.} 1-0